logo

Bir Sreshtho Munshi Abdur Rouf Library
Jhenaidah Cadet College

Shorter novels of Herman Melville. (Record no. 6729)

MARC details
000 -LEADER
fixed length control field 01316nam a2200397 a 4500
001 - CONTROL NUMBER
JCCL Control Number 6729
003 - CONTROL NUMBER IDENTIFIER
JCCL marc code BD-JhCC
005 - DATE AND TIME OF LATEST TRANSACTION
control field 20180329181008.0
008 - FIXED-LENGTH DATA ELEMENTS--GENERAL INFORMATION
fixed length control field 180129t19781928nyu 000 1 engmd
020 ## - INTERNATIONAL STANDARD BOOK NUMBER
International Standard Book Number 0871401223
035 ## - SYSTEM CONTROL NUMBER
system control number (BD-JhCC)6729
035 ## - SYSTEM CONTROL NUMBER
system control number (OCoLC)04004571
035 ## - SYSTEM CONTROL NUMBER
system control number GLIS00206569
040 ## - CATALOGING SOURCE
Original cataloging agency BD-JhCC
Transcribing agency DLC
Modifying agency BD-JhCC
-- MYG
041 ## - LANGUAGE CODE
Language code of Book eng
082 ## - DEWEY DECIMAL CLASSIFICATION NUMBER
Classification number 813.3
Author mark and Year MEL 1956
090 ## - LOCALLY ASSIGNED LC-TYPE CALL NUMBER (OCLC); LOCAL CALL NUMBER (OCLC)
Classification number (OCLC) (R) ; Classification number, CALL (RLIN) (NR) PS2384
Local cutter number (OCLC) ; Book number/undivided call number, CALL (RLIN) .S5 1978
099 ## - LOCAL FREE-TEXT CALL NUMBER
Classification number PS2384.S5 1978
100 1# - MAIN ENTRY--PERSONAL NAME
Personal name Melville, Herman,
Dates associated with a name 1819-1891.
245 10 - TITLE STATEMENT
Title Shorter novels of Herman Melville.
Statement of responsibility, etc Herman Melville,
260 ## - PUBLICATION, DISTRIBUTION, ETC. (IMPRINT)
Place of publication, distribution, etc New York :
Name of publisher, distributor, etc Liveright,
Date of publication, distribution, etc 1978, c1928.
300 ## - PHYSICAL DESCRIPTION
Pagination 271 p. ;
Dimensions 19 cm.
505 0# - FORMATTED CONTENTS NOTE
Formatted contents note Benito Cereno.--Bartleby the scrivener.--The Encantadas, or Enchanted Isles.--Billy Budd, foretopman.
650 ## - SUBJECT ADDED ENTRY--TOPICAL TERM
Topical term or geographic name as entry element Manners and Customs
650 ## - SUBJECT ADDED ENTRY--TOPICAL TERM
Topical term or geographic name as entry element American Literature
700 1# - ADDED ENTRY--PERSONAL NAME
Personal name Melville, Herman,
Dates associated with a name 1819-1891.
Title of a work Benito Cereno.
700 1# - ADDED ENTRY--PERSONAL NAME
Personal name Melville, Herman,
Dates associated with a name 1819-1891.
Title of a work Bartleby, the scrivener.
700 1# - ADDED ENTRY--PERSONAL NAME
Personal name Melville, Herman,
Dates associated with a name 1819-1891.
Title of a work Encantadas.
700 1# - ADDED ENTRY--PERSONAL NAME
Personal name Melville, Herman,
Dates associated with a name 1819-1891.
Title of a work Billy Budd.
740 0# -
Uncontrolled related/analytical title Benito Cereno.
740 0# -
Uncontrolled related/analytical title Bartleby the scrivener.
740 4# -
Uncontrolled related/analytical title The Encantadas.
740 0# -
Uncontrolled related/analytical title Billy Budd, foretopman.
942 ## - ADDED ENTRY ELEMENTS (KOHA)
Source of classification or shelving scheme Dewey Decimal Classification
Koha item type Books
Holdings
Source of classification or shelving scheme Damaged status Not for loan Home library Current library Shelving location Date of accession Source of acquisition Total Checkouts Full call number Barcode Date last seen Copy number Koha item type
Dewey Decimal Classification     JCC Rouf Library JCC Rouf Library General Stacks 01/29/2018 Asia Foundation   813.3 MEL 1956 9265 01/29/2018 C - 1 Books

JCC Library | Contacts | JCC Home

Last Update on 23 September 2017
Copyright @ 2017-2020 JCC Rouf Library
Rouf Library, Jhenidah Cadet College (JCC), Bangladesh